| Tag |
First Indicator |
Second Indicator |
Subfields |
| LEADER |
00000cam a2200000 i 4500 |
| 001 |
in00003607033 |
| 005 |
20170928110449.0 |
| 008 |
140828s2015 caua 6 000 1 eng |
| 010 |
|
|
|a 2014949815
|
| 020 |
|
|
|a 9781770899377 (paerback)
|
| 020 |
|
|
|a 1770899375 (paerback)
|
| 024 |
8 |
|
|a 99965157384
|
| 035 |
|
|
|a (OCoLC)ocn915159344
|
| 035 |
|
|
|a (OCoLC)915159344
|
| 040 |
|
|
|a DLC
|b eng
|e rda
|c DLC
|d OCLCO
|d YDXCP
|d ZCU
|d OCLCO
|d UtOrBLW
|
| 042 |
|
|
|a pcc
|
| 043 |
|
|
|a n-cn---
|
| 049 |
|
|
|a TXAM
|
| 050 |
0 |
0 |
|a PN6733.L33
|b O96 2015
|
| 082 |
0 |
0 |
|a 741.5/971
|2 23
|
| 100 |
1 |
|
|a LaBoucane-Benson, Patti,
|d 1969-
|0 http://id.loc.gov/authorities/names/no2015070540
|
| 245 |
1 |
4 |
|a The outside circle /
|c Patti LaBoucane-Benson ; art by Kelly Mellings.
|
| 264 |
|
1 |
|a Berkeley, CA :
|b House of Anansi Press,
|c 2015.
|
| 300 |
|
|
|a 1 volume (unpaged) :
|b color illustrations ;
|c 26 cm
|
| 336 |
|
|
|a text
|b txt
|2 rdacontent
|
| 336 |
|
|
|a still image
|b sti
|2 r dacontent
|
| 337 |
|
|
|a unmediated
|b n
|2 rdamedia
|
| 338 |
|
|
|a volume
|b nc
|2 rdacarrier
|
| 650 |
|
0 |
|a Ex-gang members
|x Rehabilitation
|z Canada
|v Comic books, strips, etc.
|
| 650 |
|
0 |
|a Indigenous peoples
|z Canada
|v Comic books, strips, etc.
|
| 650 |
|
0 |
|a Reconciliation
|v Comic books, strips, etc.
|
| 655 |
|
7 |
|a Graphic novels.
|2 lcgft
|0 http://id.loc.gov/authorities/genreForms/gf2014026362
|
| 700 |
1 |
|
|a Mellings, Kelly,
|d 1977-
|e illustrator.
|0 http://id.loc.gov/authorities/names/no2015070704
|
| 938 |
|
|
|a YBP Library Services
|b YANK
|n 12063066
|
| 947 |
|
|
|a A14843350217
|
| 945 |
|
|
|a PromptCat
|b 444572
|
| 946 |
|
|
|a curr
|
| 994 |
|
|
|a 92
|b TXA
|
| 948 |
|
|
|a Cataloged
|b h
|c 2016/1/8
|d c
|e AReeder
|
| 999 |
f |
f |
|s 596bbade-f4fd-3856-be2c-d2be65054950
|i 2532099f-e166-3ac8-9606-92bfc3d89de1
|t 0
|
| 952 |
f |
f |
|p normal
|a Texas A&M University
|b College Station
|c Sterling C. Evans Library
|d Evans: Library Stacks
|t 0
|e PN6733.L33 O96 2015
|h Library of Congress classification
|i unmediated -- volume
|m A14843350217
|
| 998 |
f |
f |
|a PN6733.L33 O96 2015
|t 0
|l Evans: Library Stacks
|